000 00452nam a2200181Ia 4500
001 22542
005 20260414150838.0
008 260414t1996||||xx |||||||||||||| ||spa||
041 _aESP
082 _a621.382
_bH28
100 _aHayes, Monson H.
_eAUT
245 0 _aStatistical digital signal processing and modeling
_b
260 _c1996
300 _axv, 608 páginas :
_c25 cm.
650 _aTCA
654 _aCET
942 _cLIB
_dJUS
_fJUS
_2ddc
_n
999 _c22542
_d22542